Reflexiones sobre la deuda externa de América Latina /
Kaydedildi:
| Yazar: | |
|---|---|
| Materyal Türü: | Metin |
| Etiketler: |
Etiketle
Etiket eklenmemiş, İlk siz ekleyin!
|
MARC
| LEADER | 00000 a a2200000 04500 | ||
|---|---|---|---|
| 001 | 11862 | ||
| 003 | |||
| 040 | |||
| 100 | |a Hinkelammert, Franz J. | ||
| 245 | |a Reflexiones sobre la deuda externa de América Latina / |c Franz J. Hinkelammert | ||
| 773 | |g número 14; páginas 16-22 | ||
| 999 | |c 38846 |d 38846 | ||
